|
|
|
|
| LEADER |
01808cas a2200253 a 4500 |
| 001 |
AALejournalIMF007149 |
| 008 |
230101c9999 xx r poo 0 0eng d |
| 020 |
|
|
|c 5.00 USD
|
| 020 |
|
|
|z 9781455253296
|
| 022 |
|
|
|a 1018-5941
|
| 040 |
|
|
|a BD-DhAAL
|c BD-DhAAL
|
| 100 |
1 |
|
|a Murshid, Antu.
|
| 245 |
1 |
0 |
|a Growth from International Capital Flows :
|b The Role of Volatility Regimes /
|c Antu Murshid, Ashoka Mody.
|
| 264 |
|
1 |
|a Washington, D.C. :
|b International Monetary Fund,
|c 2011.
|
| 300 |
|
|
|a 1 online resource (41 pages)
|
| 490 |
1 |
|
|a IMF Working Papers
|
| 500 |
|
|
|a <strong>Off-Campus Access:</strong> No User ID or Password Required
|
| 500 |
|
|
|a <strong>On-Campus Access:</strong> No User ID or Password Required
|
| 506 |
|
|
|a Electronic access restricted to authorized BRAC University faculty, staff and students
|
| 520 |
3 |
|
|a Recent commentary has downplayed the growth dividend from international financial integration, highlighting the possibly negative correlation between capital inflows and long-run growth. This paper presents new evidence consistent with standard economic theory and a more benign interpretation of cross-border private capital flows. The key observation is that a country's growth volatility changes over time. With volatility below a threshold, an inflow of foreign capital has promoted growth. However, during periods of volatile growth, more flows have been associated with slower growth. Volatility levels and changes reflect an interaction of domestic production and institutional structures with global factors.
|
| 538 |
|
|
|a Mode of access: Internet
|
| 700 |
1 |
|
|a Mody, Ashoka.
|
| 830 |
|
0 |
|a IMF Working Papers; Working Paper ;
|v No. 2011/090
|
| 856 |
4 |
0 |
|z Full text available on IMF
|u http://elibrary.imf.org/view/journals/001/2011/090/001.2011.issue-090-en.xml
|z IMF e-Library
|